| 000 | 01204pam a2200325 i 4500 | ||
|---|---|---|---|
| 001 | 1541555 | ||
| 003 | EG-ScBUE | ||
| 005 | 20250522140104.0 | ||
| 008 | 910216r19931969enka fr 001 0 eng | ||
| 020 | _a0521406676 (paperback) | ||
| 020 | _a9780521406673 | ||
| 040 |
_aEG-ScBUE _beng _erda _cEG-ScBUE _dEG-ScBUE |
||
| 082 | 0 | 4 |
_a530.4 _222 _bTAB |
| 100 | 1 |
_aTabor, David, _96175 _eauthor. |
|
| 245 | 1 | 0 |
_aGases, liquids, and solids : _band other states of matter / _cD. Tabor, emeritus professor of physics, Cavendish Laboratory, University of Cambridge. |
| 250 | _aThird edition. | ||
| 264 | 1 |
_aCambridge : _bCambridge University Press, _c1993. |
|
| 300 |
_axxi, 418 pages : _billustrations ; _c24 cm |
||
| 336 |
_2rdacontent _atext _btxt |
||
| 337 |
_aunmediated _2rdamedia _bn |
||
| 338 |
_avolume _bnc _2rdacarrier |
||
| 500 | _aIncludes index. | ||
| 500 | _aIncludes appendix. | ||
| 650 | 7 |
_aMatter. _96176 _2BUEsh |
|
| 650 | 7 |
_aMatter _xProperties. _96177 _2BUEsh |
|
| 655 | _vReading book | ||
| 856 | 4 | 2 |
_3Publisher description _uhttp://www.loc.gov/catdir/description/cam024/91009214.html |
| 856 | 4 | 1 |
_3Table of contents _uhttp://www.loc.gov/catdir/toc/cam021/91009214.html |
| 942 |
_2ddc _cBB |
||
| 999 |
_c11832 _d11832 |
||